Industrial Competitiveness 1971-1989 Finland Vs. Germany and Sweden Listed Parent Companies
Gespeichert in:
| 1. Verfasser: | |
|---|---|
| Weitere Verfasser: | |
| Format: | Buch |
| Sprache: | Englisch |
| Veröffentlicht: |
Helsinki
School of Economics
1992
|
| Ausgabe: | 1. ed. |
| Schlagworte: | |
| Tags: |
Keine Tags, Fügen Sie das erste Tag hinzu!
|
MARC
| LEADER | 00000nam a2200000 4500 | ||
|---|---|---|---|
| 001 | c003264 | ||
| 005 | 20221206083215.3 | ||
| 020 | |a 951-702-105-4 | ||
| 041 | 0 | |a eng | |
| 044 | |a FI | ||
| 245 | 1 | 0 | |a Industrial Competitiveness 1971-1989 Finland Vs. Germany and Sweden Listed Parent Companies |c Simo Siltanen, Marko Soinimäki |
| 250 | |a 1. ed. | ||
| 264 | 1 | |a Helsinki |b School of Economics |c 1992 | |
| 300 | |a 200 s. | ||
| 610 | 2 | 0 | |a konkurencia |
| 610 | 2 | 0 | |a spoločnosť industriálna |
| 610 | 2 | 0 | |a spoločnosti materské |
| 610 | 2 | 0 | |a Fínsko |
| 610 | 2 | 0 | |a Nemecko |
| 610 | 2 | 0 | |a Švédsko |
| 610 | 2 | 0 | |a 1971-1989 |
| 610 | 2 | 0 | |a cash flow |
| 610 | 2 | 0 | |a vývoz |
| 610 | 2 | 0 | |a priemysel |
| 100 | 1 | |a Siltanen, Simo | |
| 700 | 1 | |a Soinimäki, Marko | |